| 000 | 00399nam a2200133Ia 4500 | ||
|---|---|---|---|
| 008 | 220216s9999 xx 000 0 und d | ||
| 100 | _aPillay P N R | ||
| 245 | 0 | _aCrown budding: A method to avoid abnormal leaf fall disease of rubber | |
| 260 |
_bInternational Rubber Conference India, 1980 _c1980 |
||
| 700 | _aGeorge M K | ||
| 700 | _aKrishnankutty V | ||
| 700 | _aRajalakshmy V K | ||
| 942 | _cJS | ||
| 999 |
_c56575 _d56575 |
||